[Event "AUTO-ADV-3413"]
[Site "http://www.queenalice.com/game.php?id=1359775"]
[Date "2015.5.16"]
[Round "1"]
[White "juanluciano"]
[Black "rubenov"]
[Result "0-1"]
[WhiteElo "1845"]
[BlackElo "1960"]

1. e4 e5 2. Nf3 d6 3. Bc4 h6 4. d4 exd4 5. Nxd4 Nf6 6. Nc3 a6 7. O-O Be7 8. Bf4
c5 9. Nf3 Bg4 10. Nd5 Nxe4 11. Nxe7 Qxe7 12. Bxd6 Qxd6 13. Qd5 Qxd5 14. Bxd5
Bxf3 15. gxf3 Nd6 16. Rfe1+ Kf8 17. Rad1 Ra7 18. c4 b6 19. Bxf7 Nxf7 0-1

[Event "AUTO-ADV-3426"]
[Site "http://www.queenalice.com/game.php?id=1363099"]
[Date "2015.6.2"]
[Round "1"]
[White "eloy"]
[Black "juanluciano"]
[Result "0-1"]
[WhiteElo "1755"]
[BlackElo "1795"]

1. e4 e5 2. Nf3 Nc6 3. Bc4 Nf6 4. Ng5 Bc5 5. Nxf7 Bxf2+ 6. Kxf2 Nxe4+ 7. Kg1 Qh4
8. Qe2 Nd4 9. Qf1 Rf8 10. d3 Nd6 11. Bg5 Qh5 12. Qe1 Nxc4 13. dxc4 Ne2+ 0-1

[Event "AUTO-ADV-3426"]
[Site "http://www.queenalice.com/game.php?id=1363100"]
[Date "2015.6.2"]
[Round "1"]
[White "juanluciano"]
[Black "eloy"]
[Result "1-0"]
[WhiteElo "1810"]
[BlackElo "1729"]

1. e4 e5 2. Nf3 Nc6 3. d4 Bd6 4. d5 Nce7 5. Nc3 Nf6 6. Be2 c6 7. dxc6 dxc6 8.
Bg5 O-O 9. Bxf6 gxf6 10. O-O Ng6 11. Qd2 a6 12. Rad1 b5 13. Qxd6 Qxd6 14. Rxd6
c5 15. Rxf6 Kg7 16. Rd6 Nf4 17. Rd2 b4 18. Nd5 Be6 19. Bc4 f5 20. exf5 Bxf5 21.
Nxf4 e4 22. Nh4 Bg6 23. Ne6+ 1-0

[Event "AUTO-ADV-3426"]
[Site "http://www.queenalice.com/game.php?id=1363115"]
[Date "2015.6.2"]
[Round "1"]
[White "LeandroJunio"]
[Black "juanluciano"]
[Result "0-1"]
[WhiteElo "1796"]
[BlackElo "1824"]

1. d4 Nf6 2. Nc3 e6 3. Nf3 d5 4. Bf4 c6 5. e3 Bd6 6. Bd3 O-O 7. Bxd6 Qxd6 8. Ne5
Nbd7 9. Nxd7 Bxd7 10. Qf3 a6 11. O-O b5 12. a3 a5 13. Rfe1 b4 14. axb4 axb4 15.
Ne2 c5 16. b3 cxd4 0-1

[Event "AUTO-ADV-3426"]
[Site "http://www.queenalice.com/game.php?id=1363116"]
[Date "2015.6.2"]
[Round "1"]
[White "juanluciano"]
[Black "LeandroJunio"]
[Result "1-0"]
[WhiteElo "1808"]
[BlackElo "1812"]

1. e4 e5 2. Nf3 Nc6 3. d4 Qf6 4. dxe5 Nxe5 5. Nxe5 Qxe5 6. Qd5 Bd6 7. Bc4 Qxd5
8. exd5 Ne7 9. O-O O-O 10. Nc3 a6 11. Bg5 b5 12. Bb3 Bb7 13. Rad1 Rfe8 14. Ne4
Be5 15. c3 d6 16. Ng3 a5 17. a3 1-0

[Event "AUTO-ADV-3426"]
[Site "http://www.queenalice.com/game.php?id=1363125"]
[Date "2015.6.2"]
[Round "1"]
[White "agilulfo"]
[Black "juanluciano"]
[Result "1-0"]
[WhiteElo "1985"]
[BlackElo "1772"]

1. d4 Nf6 2. c4 e6 3. Nf3 b6 4. g3 d5 5. cxd5 exd5 6. Bg5 Nbd7 7. Nc3 c6 8. Bh3
Be7 9. Bxf6 Nxf6 10. Bxc8 Qxc8 11. O-O O-O 12. Re1 Bb4 13. Ne5 Qh3 14. a3 Ng4
15. Nf3 Bd6 16. e4 dxe4 17. Nxe4 Qh6 18. Nxd6 1-0

[Event "AUTO-ADV-3426"]
[Site "http://www.queenalice.com/game.php?id=1363126"]
[Date "2015.6.2"]
[Round "1"]
[White "juanluciano"]
[Black "agilulfo"]
[Result "0-1"]
[WhiteElo "1839"]
[BlackElo "2022"]

1. e4 c5 2. c3 d6 3. d4 cxd4 4. cxd4 Nf6 5. Nc3 g6 6. Nf3 Bg7 7. h3 O-O 8. Bd3
a6 9. O-O b5 10. Bg5 Bb7 11. Qd2 Qb6 12. Be3 Nbd7 13. d5 Qa5 14. a3 Rac8 15. b4
Qc7 16. Rac1 Qd8 17. Bh6 Re8 18. Qf4 Nh5 19. Qd2 e6 20. Bxg7 Kxg7 21. dxe6 Rxe6
22. Rfe1 Ne5 23. Nxe5 dxe5 24. Qe3 Rec6 25. Be2 Qd4 26. Bxh5 Rxc3 27. Rxc3 Rxc3
28. Qxd4 exd4 0-1

[Event "AUTO-ADV-3432"]
[Site "http://www.queenalice.com/game.php?id=1364897"]
[Date "2015.6.11"]
[Round "1"]
[White "juanluciano"]
[Black "rockaudrey"]
[Result "0-1"]
[WhiteElo "1813"]
[BlackElo "1996"]

1. e4 e6 2. d4 d5 3. Nc3 c5 4. Nf3 cxd4 5. Qxd4 Nc6 6. Qd3 Nb4 7. Qe2 Ne7 8. a3
d4 9. Qb5+ Nec6 10. axb4 dxc3 11. bxc3 a6 12. Qd3 Bd7 13. Be2 Be7 14. O-O O-O
15. Bb2 Qc7 16. Qd2 Rfd8 17. Bd3 Ne5 18. Nxe5 Qxe5 19. f4 Qh5 20. Be2 Qh4 21.
Qe1 Qxe1 22. Rfxe1 Rac8 23. Bd3 Bc6 24. h3 Bh4 25. Re2 h6 26. c4 Bg3 27. Rf1 b5
28. c5 Ra8 29. Rf3 Bh4 30. g3 Be7 31. g4 a5 32. g5 hxg5 33. Rg3 g6 34. fxg5 axb4
35. Re1 Bxc5+ 36. Kf1 Ra2 37. Bf6 Rd7 38. h4 b3 0-1

[Event "AUTO-ADV-3432"]
[Site "http://www.queenalice.com/game.php?id=1364898"]
[Date "2015.6.11"]
[Round "1"]
[White "rockaudrey"]
[Black "juanluciano"]
[Result "1-0"]
[WhiteElo "1827"]
[BlackElo "1809"]

1. e4 e5 2. Nf3 Nc6 3. d4 exd4 4. Nxd4 Bc5 5. Be3 Nxd4 6. Bxd4 Qg5 7. Nc3 Ne7 8.
g3 d6 9. Bg2 Bg4 10. Qd3 Bxd4 11. Qxd4 O-O 12. O-O Nc6 13. Qa4 Be6 14. f4 Qe7
15. Rae1 a6 16. Nd5 Qd7 17. f5 Bxd5 18. exd5 b5 19. dxc6 bxa4 20. cxd7 Rad8 21.
Bc6 1-0

[Event "AUTO-ADV-3432"]
[Site "http://www.queenalice.com/game.php?id=1364899"]
[Date "2015.6.11"]
[Round "1"]
[White "juanluciano"]
[Black "Kuroi"]
[Result "1-0"]
[WhiteElo "1807"]
[BlackElo "1699"]

1. e4 e5 2. Nf3 Nc6 3. d4 Nf6 4. dxe5 Nxe4 5. Qd5 Ng5 6. Bxg5 Ne7 7. Bxe7 Qxe7
8. Nc3 c6 9. Qe4 d5 10. Qd3 g6 11. O-O-O Bg7 12. Re1 1-0

[Event "AUTO-ADV-3432"]
[Site "http://www.queenalice.com/game.php?id=1364900"]
[Date "2015.6.11"]
[Round "1"]
[White "Kuroi"]
[Black "juanluciano"]
[Result "0-1"]
[WhiteElo "1712"]
[BlackElo "1794"]

1. e4 e5 2. Nf3 Nc6 3. Nc3 Nf6 4. g3 Bc5 5. Bg2 O-O 6. O-O d6 7. d3 a6 8. Nd5 h6
9. a3 Bg4 10. c3 Ba7 11. h3 Bh5 0-1

[Event "AUTO-ADV-3432"]
[Site "http://www.queenalice.com/game.php?id=1364901"]
[Date "2015.6.11"]
[Round "1"]
[White "juanluciano"]
[Black "Corvidae"]
[Result "0-1"]
[WhiteElo "1802"]
[BlackElo "1961"]

1. e4 c5 2. c3 Nf6 3. e5 Nd5 4. d4 cxd4 5. Nf3 Nc6 6. Bc4 Nb6 7. Be2 dxc3 8.
Nxc3 a6 9. O-O e6 10. Bg5 Be7 11. Be3 h6 12. a3 d6 13. Bf4 d5 14. Nd4 Nxd4 15.
Qxd4 Nd7 16. b4 Qb6 17. Qd2 Qd8 18. Rac1 Nb6 19. Rfd1 Bg5 20. Bxg5 hxg5 21. Bd3
Bd7 22. h3 g4 0-1

[Event "AUTO-ADV-3432"]
[Site "http://www.queenalice.com/game.php?id=1364902"]
[Date "2015.6.11"]
[Round "1"]
[White "Corvidae"]
[Black "juanluciano"]
[Result "0-1"]
[WhiteElo "1914"]
[BlackElo "1792"]

1. d4 Nf6 2. c4 e6 3. Nf3 b6 4. g3 Ba6 5. b3 Bb7 6. Bg2 Bb4+ 7. Bd2 a5 8. a3
Bxd2+ 9. Nbxd2 O-O 10. O-O d5 11. Ne5 Nbd7 12. Nxd7 Qxd7 13. e3 c5 14. Re1 cxd4
15. exd4 dxc4 16. Bxb7 Qxb7 17. Nxc4 Rfd8 18. Qd3 Rd5 19. Re5 Rad8 20. Rxd5 Rxd5
21. Ne5 h6 22. Rc1 Nd7 23. Qe4 Nxe5 24. Qe2 Nc6 25. Qe3 Nxd4 26. b4 axb4 27.
axb4 Nf5 28. Qe2 b5 29. Rc5 Rxc5 30. bxc5 Qc6 31. Qc2 Nd4 0-1

[Event "AUTO-ADV-3451"]
[Site "http://www.queenalice.com/game.php?id=1370716"]
[Date "2015.7.9"]
[Round "1"]
[White "juanluciano"]
[Black "Diplomata"]
[Result "1-0"]
[WhiteElo "1839"]
[BlackElo "1697"]

1. e4 e5 2. Nf3 d6 3. d4 Nd7 4. Bc4 f6 5. O-O Ne7 6. Nc3 c6 7. dxe5 dxe5 8. a3
Qc7 9. Be3 h6 10. Ne2 a6 11. c3 b5 12. Ba2 Bb7 13. Qb3 O-O-O 14. Rad1 c5 15. c4
Bxe4 16. cxb5 axb5 17. Qxb5 Bc6 18. Qd3 e4 19. Qa6+ Kb8 20. Nd2 1-0

[Event "AUTO-ADV-3451"]
[Site "http://www.queenalice.com/game.php?id=1370717"]
[Date "2015.7.9"]
[Round "1"]
[White "Diplomata"]
[Black "juanluciano"]
[Result "0-1"]
[WhiteElo "1687"]
[BlackElo "1849"]

1. d4 Nf6 2. Nf3 e6 3. Bf4 d5 4. Nbd2 Bd6 5. Bg3 Bxg3 6. hxg3 b6 7. Nb3 O-O 8.
Nfd2 Ba6 9. f3 Qd6 10. f4 Ng4 11. e3 Nxe3 12. Qc1 Bxf1 13. Nxf1 Nxf1 14. Rxf1
Nd7 15. Qd2 Nf6 16. O-O-O Ne4 17. Qe1 a5 18. Qe3 a4 19. Nd2 Nf6 0-1

[Event "AUTO-ADV-3451"]
[Site "http://www.queenalice.com/game.php?id=1370718"]
[Date "2015.7.9"]
[Round "1"]
[White "juanluciano"]
[Black "josebaron"]
[Result "0-1"]
[WhiteElo "1804"]
[BlackElo "1982"]

1. e4 e5 2. Nf3 Nc6 3. d4 exd4 4. Nxd4 d6 5. Nxc6 bxc6 6. Bc4 Nf6 7. Nc3 Be7 8.
O-O O-O 9. Bf4 a5 10. e5 dxe5 11. Bxe5 Ng4 12. Bg3 Bd6 13. Qf3 Ne5 14. Bxe5 Bxe5
15. Rad1 Qh4 16. h3 Qxc4 17. b3 Qxc3 0-1

[Event "AUTO-ADV-3451"]
[Site "http://www.queenalice.com/game.php?id=1370719"]
[Date "2015.7.9"]
[Round "1"]
[White "josebaron"]
[Black "juanluciano"]
[Result "1-0"]
[WhiteElo "1970"]
[BlackElo "1823"]

1. e4 e5 2. d4 exd4 3. Bc4 d6 4. Qxd4 Nc6 5. Qd1 Nf6 6. Nc3 h6 7. Nf3 Be7 8. O-O
O-O 9. h3 a6 10. a4 b6 11. Nd5 Nxe4 12. Nxe7+ Nxe7 13. Bd5 Nxd5 14. Qxd5 1-0

[Event "AUTO-ADV-3451"]
[Site "http://www.queenalice.com/game.php?id=1370720"]
[Date "2015.7.9"]
[Round "1"]
[White "juanluciano"]
[Black "josedesouza"]
[Result "1-0"]
[WhiteElo "1859"]
[BlackElo "1641"]

1. e4 e5 2. Nf3 d6 3. d4 Nd7 4. Bc4 h6 5. O-O Ngf6 6. Nc3 g5 7. dxe5 dxe5 8. a3
Bd6 9. Re1 a6 10. Nd5 b5 11. Ba2 Bb7 12. c3 O-O 13. b4 Qb8 14. Bb2 Qd8 15. Rc1
Be7 16. Nxf6+ Bxf6 17. c4 c6 18. c5 Qe7 19. h3 Rad8 20. Qe2 Kh7 21. Nh2 Bg7 22.
Ng4 1-0

[Event "AUTO-ADV-3451"]
[Site "http://www.queenalice.com/game.php?id=1370721"]
[Date "2015.7.9"]
[Round "1"]
[White "josedesouza"]
[Black "juanluciano"]
[Result "1-0"]
[WhiteElo "1581"]
[BlackElo "1866"]

1. d4 Nf6 2. Nf3 e6 3. Nbd2 b6 4. e3 Bb7 5. Bc4 d5 6. Bb3 Bd6 7. O-O O-O 8. g3
c5 9. c3 cxd4 10. Nxd4 Nbd7 11. Nb5 Bc5 12. Nd4 Ba6 13. Re1 Bxd4 14. exd4 Bb5
15. Nf3 a5 16. Bf4 Ne4 17. Ba4 Ba6 18. Bc2 Ndf6 19. Ne5 Rc8 20. Bd3 Bxd3 21.
Nxd3 1-0

[Event "AUTO-ADV-3374"]
[Site "http://www.queenalice.com/game.php?id=1371331"]
[Date "2015.7.13"]
[Round "2"]
[White "Rafale2000"]
[Black "juanluciano"]
[Result "1-0"]
[WhiteElo "2007"]
[BlackElo "1765"]

1. e4 e5 2. Nf3 Nc6 3. d4 exd4 4. Bc4 Nf6 5. O-O Be7 6. Re1 O-O 7. Nxd4 Nxd4 8.
Qxd4 d6 9. Bg5 h6 10. Bh4 c5 11. Qd3 a6 12. Nd2 Nh5 13. Bxe7 Qxe7 14. Rad1 Nf4
15. Qg3 Ne6 16. e5 b5 17. exd6 Qd7 18. Bxe6 fxe6 19. Ne4 c4 20. Nc5 1-0

[Event "AUTO-ADV-3374"]
[Site "http://www.queenalice.com/game.php?id=1371332"]
[Date "2015.7.13"]
[Round "2"]
[White "juanluciano"]
[Black "Rafale2000"]
[Result "0-1"]
[WhiteElo "1789"]
[BlackElo "2029"]

1. e4 Nf6 2. Nc3 d5 3. exd5 Nxd5 4. Nxd5 Qxd5 5. d4 Nc6 6. c3 Bf5 7. Nf3 e6 8.
Bg5 Bg4 9. Bf4 Qe4+ 10. Be3 Qg6 11. Bd3 Bf5 12. Bxf5 Qxf5 13. O-O O-O-O 14. Qd2
Be7 15. Rad1 e5 16. Qe2 exd4 17. cxd4 Qd5 18. b3 Rhe8 19. Qb2 h6 20. a3 Bf6 21.
b4 Re4 22. Ne5 Nxe5 0-1

[Event "AUTO-ADV-3374"]
[Site "http://www.queenalice.com/game.php?id=1371339"]
[Date "2015.7.13"]
[Round "2"]
[White "juanluciano"]
[Black "Corvidae"]
[Result "0-1"]
[WhiteElo "1759"]
[BlackElo "1907"]

1. e4 c5 2. c3 Nf6 3. e5 Nd5 4. d4 cxd4 5. Nf3 Nc6 6. Bc4 Nb6 7. Bb3 dxc3 8.
Nxc3 e6 9. O-O d6 10. Re1 d5 11. Bg5 Be7 12. Bxe7 Qxe7 13. a3 a6 14. Bc2 Nd7 15.
b4 b5 16. Qd3 h6 17. Re2 Bb7 18. Rae1 Rc8 19. Nd1 Nb6 20. Bb3 Rd8 21. Nd4 Nc4
22. Qc3 Nxd4 23. Bxc4 dxc4 0-1

[Event "AUTO-ADV-3374"]
[Site "http://www.queenalice.com/game.php?id=1371340"]
[Date "2015.7.13"]
[Round "2"]
[White "Corvidae"]
[Black "juanluciano"]
[Result "0-1"]
[WhiteElo "2001"]
[BlackElo "1783"]

1. d4 Nf6 2. c4 e6 3. Nf3 b6 4. g3 Ba6 5. b3 Bb4+ 6. Bd2 Be7 7. Bg5 O-O 8. Bg2
Bb7 9. Nbd2 d5 10. a3 Nbd7 11. Qc2 dxc4 12. bxc4 c5 13. O-O cxd4 14. Nxd4 Bxg2
15. Kxg2 Qc7 16. Nb5 Qe5 17. Nf3 Qc5 18. e3 h6 19. Bxf6 Nxf6 20. h3 a6 21. Nbd4
Rac8 22. Rfc1 Rc7 23. Nb3 Qc6 24. Nd4 Qb7 25. Qe2 Bc5 26. Kh2 Re8 27. a4 e5 28.
Nf5 Qc8 29. e4 Kh7 30. Rd1 Rd7 31. Rxd7 Qxd7 32. Qd1 Qxd1 33. Rxd1 Nxe4 34. Rb1
Nxf2 35. Re1 f6 36. Ne3 Nd3 37. Nd5 Nxe1 38. Nxe1 a5 39. Nc2 Kg6 40. Ne1 f5 41.
Kg2 e4 42. h4 Kf7 43. Kf1 g5 44. h5 Rd8 45. Ke2 Rxd5 46. cxd5 Kf6 47. Nc2 Ke5
0-1